Sombreros, Frac, Tiste y poder: Consumo e Identidad. Nicaragua, 1850-1860. /
Guardat en:
| Autor principal: | |
|---|---|
| Format: | Text |
| Matèries: | |
| Etiquetes: |
Afegir etiqueta
Sense etiquetes, Sigues el primer a etiquetar aquest registre!
|
MARC
| LEADER | 00000 a a2200000 04500 | ||
|---|---|---|---|
| 001 | 46238 | ||
| 003 | |||
| 040 | |||
| 090 | |a REV1052 (9) 1997 | ||
| 100 | |a Herrera C, Miguel Angel | ||
| 245 | |a Sombreros, Frac, Tiste y poder: |b Consumo e Identidad. Nicaragua, 1850-1860. / |c Miguel Angel Herrera C | ||
| 650 | |a IDENTIDAD CULTURAL | ||
| 650 | |a CONSUMO | ||
| 650 | |a NICARAGUA | ||
| 773 | |g número9 (1997), Páginas 47-57. | ||
| 999 | |c 38980 |d 38980 | ||
